LIBRARY & INFORMATION CENTRE, KCAET, TAVANUR

ONLINE PUBLIC ACCESS CATALOGUE (OPAC)

C Programming / (Record no. 9652)

MARC details
000 -LEADER
fixed length control field 00497cam a2200193ua 4500
020 ## - INTERNATIONAL STANDARD BOOK NUMBER
ISBN 0 87692 759 2
041 ## - LANGUAGE CODE
Language code of text/sound track or separate title eng
082 ## - DEWEY DECIMAL CLASSIFICATION NUMBER
Classification number 005.133
Item number HOL/C
100 ## - MAIN ENTRY--AUTHOR NAME
Personal name Holzner, Steve .
245 ## - TITLE STATEMENT
Title C Programming /
250 ## - EDITION STATEMENT
Edition statement 1 /
260 ## - PUBLICATION, DISTRIBUTION, ETC. (IMPRINT)
Place of publication New Delhi :
Name of publisher Prentice Hall of India Pvt Ltd. ,
Year of publication 1991.
300 ## - PHYSICAL DESCRIPTION
Number of Pages 572 ; .
700 1# - ADDED ENTRY--PERSONAL NAME
Personal name Nortch, Peter .
942 ## - ADDED ENTRY ELEMENTS (KOHA)
Koha item type Books
Holdings
Withdrawn status Lost status Damaged status Home library Current library Date acquired Full call number Accession Number Koha item type
Withdrawn Lost and Paid For   KAUAET KAUAET 07/04/2012 005.133 18000 Books
free website counter